000 00910nam a2200325 a 4500
003 AR-BaBNM
005 20251128204838.0
008 082120s2002 ||||||||||||||000 | spa||
020 _a950-614-503-2
040 _cAR-BaBNM
100 1 _aHorowicz, Alejandro
245 0 0 _aLos cuatro peronismos
260 _aBuenos Aires
_bHyspamérica
_c1986
300 _a268 p.
490 0 _aBiblioteca argentina de historia y política
_vv. 59
504 _aBibliografía al término de los capítulos
600 0 4 _aPerón
_d1946-1951
600 0 4 _aPerón
_d1952-1955
600 0 4 _aPerón
_d1973-1974
600 0 4 _aMartínez de Perón
_d1974-1976
610 2 4 _aPartido Justicialista
650 4 _aHISTORIA ARGENTINA
650 4 _aFUERZAS ARMADAS
650 4 _aSINDICALISMO
650 4 _aNACIONALISMO
653 _aPERONISMO
800 1 _aCostantini, Pablo
_edirector
942 _cBK
998 _cEnrique
999 _c9019
_d9019